Comprobantes Fiscales Digitales (CFDI)

Bibliographic Details
Main Author: Přez Chv̀ez, Još
Other Authors: Fol Olgun̕, Raymundo
Format: eBook
Language:Spanish
Published: Ciudad de Mx̌ico: Tax Editores, 2020
Subjects:
Online Access:Acceso restringido

MARC

LEADER 00000nam a22000007a 4500
005 20200527231717.0
007 cr|||| ||||
008 200527s2020 mx |||||s|||| 00||0 spa d
020 |a 978-607-629-496-3 
035 |a 31489 
040 |a vLex 
090 |c 10411  |d 10411 
100 1 |a Přez Chv̀ez, Još 
245 1 0 |a Comprobantes Fiscales Digitales (CFDI)  |h [Recurso electrn̤ico] /  |c Jos ̌Přez Chv̀ez, Raymundo Fol Olgun̕ 
256 |a Servicio en ln̕ea 
260 |a Ciudad de Mx̌ico:  |b Tax Editores,  |c 2020 
300 |a 1 recurso electrn̤ico 
506 1 |a Disponible solo en los productos indicados  |d vLex Global  |d vLex Global (Academic Edition, excluding Law Schools)  |d vLex Global (U.S. Academic Edition, Law Schools)  |d vLex Global (U.S. Academic Edition, excluding Law Schools)  |d vLex Global (Academic Edition, Law Schools) 
650 0 4 |a Derecho Tributario  |z Mx̌ico 
700 1 |a Fol Olgun̕, Raymundo 
740 0 |a vLex Libros (Servicio en ln̕ea) 
856 4 0 |u http://vlex.com/source/comprobantes-fiscales-digitales-cfdi-31489  |z Acceso restringido 
942 |c BOOK 
999 0 |a Tax Law